Arctic Monkeys - 505 (Lyrics) - Statistics

General Stats
  • This quiz has been taken 6,045 times
    6,044 since last reset
  • The average score is 163 of 210
Answer Stats
Answer % Correct
I
100%
505
99%
go
99%
to
99%
a
98%
back
98%
I'm
98%
going
97%
It
96%
drive
95%
hour
95%
In
95%
it's
95%
seven
95%
you
95%
If
94%
minute
94%
or
94%
Or
94%
seven
94%
flight
93%
my
93%
forty-five
92%
your
92%
forty-five
91%
on
89%
With
89%
with
89%
hands
88%
imagination,
88%
and
87%
between
86%
side
86%
wait
86%
lying
83%
thighs
83%
When
83%
when
83%
me
81%
you're
80%
like
79%
did
78%
sec
78%
waiting
78%
what
78%
at
77%
Stop
77%
expect?
76%
look
76%
that,
76%
that
76%
darling,
75%
around
72%
neck
72%
time
71%
last
70%
The
70%
the
70%
checked
69%
of
66%
adore
63%
still
62%
no
61%
probably
59%
smile
59%
cry
58%
I'd
56%
Not
56%
crumble
55%
completely
54%
shy
53%
But
52%
spark
52%
"Goodbye"
48%
seems
48%
again
46%
once
46%
eyes
44%
by
43%
mark
43%
start
42%
surprise
42%
greet
41%
too
41%
knife
40%
perfect
40%
place
40%
adventure,
39%
always
39%
should
39%
though
39%
twists
39%
just
38%
middle
38%
soon
38%
spoil
38%
Take
38%
had
37%
off
37%
about
36%
such
36%
fall
35%
short
35%
than
35%
thought
35%
harsher
34%
Frightened
33%
you've
33%
bark
31%
bite,
29%
No matching quizzes found
Score Distribution
Percent of People with Each Score
Percentile by Number Answered
Your Score History
You have not taken this quiz since the last reset